000 00651nam a2200205 a 4500
001 000163668
003 AM-YeHGA
005 20250617123318.0
008 990225s1973 ru ||||gr|||||||||0|rus|d
040 _aAM-YeHGA
041 0 _arus
100 1 _aЭскин, Виктор Евсеевич
245 1 0 _aРассеяние света растворами полимеров /
_cВ.Е. Эскин.
260 0 _aМосква :
_bНаука. Гл. ред. физ.-мат. лит.,
_c1973.
300 _a350 с.
650 1 4 _aРассеяние света
650 1 4 _aНейтроны - Рассеяние
942 _2udc
_cBK
090 _c56944
999 _c56054
_d56054